Research Methodology : (Record no. 198672)

000 -LEADER
fixed length control field 00703 a2200157 4500
003 - CONTROL NUMBER IDENTIFIER
control field Nust
005 - DATE AND TIME OF LATEST TRANSACTION
control field 20220719192850.0
040 ## - CATALOGING SOURCE
Transcribing agency Nust
082 ## - DEWEY DECIMAL CLASSIFICATION NUMBER
Classification number 001.4,KHA
Author Mark KHA
100 ## - MAIN ENTRY--PERSONAL NAME
Personal name Khanzode,V.V
9 (RLIN) 93934
245 ## - TITLE STATEMENT
Title Research Methodology :
Remainder of title Techniques and trends /
Statement of responsibility, etc. V.V.Khanzode
260 ## - PUBLICATION, DISTRIBUTION, ETC.
Place of publication, distribution, etc. New Delhi
Name of publisher, distributor, etc. APH Publishing Corporation
Date of publication, distribution, etc. 2004
300 ## - PHYSICAL DESCRIPTION
Extent vi,210p .:
505 ## - FORMATTED CONTENTS NOTE
Formatted contents note Research an introductory approach(page 3) Research problem(Page 25)Methods of data collection (page 74)Research report (Page 92),Teaching methodology(page 113),Historical Development of teaching methods(page 133),Preparation of lesson plan (page 153)Tools and techniques of evaluation (page 188)
942 ## - ADDED ENTRY ELEMENTS (KOHA)
Source of classification or shelving scheme
Koha item type Book
Call number prefix 001.4,KHA
Holdings
Withdrawn status Lost status Source of classification or shelving scheme Damaged status Not for loan Permanent Location Current Location Shelving location Date acquired Total Checkouts Full call number Barcode Checked out Date last seen Date last checked out Price effective from Koha item type Public note
          Military College of Signals (MCS) Military College of Signals (MCS) General Stacks 12/12/2016 1 001.4,KHA MCS30695 06/09/2023 05/25/2023 05/25/2023 12/12/2016 Book Almirah No.1, Shelf No.1
© 2023 Central Library, National University of Sciences and Technology. All Rights Reserved.